Термодинамическое моделирование в геохимии: теория, алгоритмы, программное обеспечение, приложения

Podrobná bibliografie
Hlavní autor: Чудненко К. В. Константин Вадимович
Korporativní autor: Российская академия наук (РАН) Сибирское отделение (СО) Институт геохимии им. А. П. Виноградова (ИГХ)
Další autoři: Шарапов В. Н.
Shrnutí:В монографии рассматриваются теоретическое, алгоритмическое и программное обеспечения термодинамического моделирования природных и техногенных объектов. Обоснована методика имитационного моделирования применительно к проблемам прикладных физико-химических исследований на основе решения задач минимизации канонических термодинамических потенциалов, геотермобарометрии как обратной задачи выпуклого программирования, многорезервуарных динамических моделей. Детально рассмотрена конфигурация и возможности современного программного комплекса "Селектор" как универсального инструмента решения физикохимических задач на основе расчета полных, метастабильных и промежуточных химических равновесий в системах и мегасистемах. Рассмотрен метод моделирования термодинамических процессов в пространстве неопределенности, позволяющий перейти к недетерминированным постановкам геохимических задач и оценить влияние неточности, неоднозначности и неоднородности исходной аналитической и термодинамической информации на достоверность расчетов физико-химических моделей. Для специалистов в различных областях применения компьютерных методов для решения задач химической термодинамики: геоинформатики, геохимии, петрологии, экологии, химической технологии, гидро- и пирометаллургии, аналитической химии и других, а также аспирантов указанных специальностей.
Jazyk:ruština
Vydáno: Новосибирск, Гео, 2010
Témata:
Médium: MixedMaterials Kniha
KOHA link:https://koha.lib.tpu.ru/cgi-bin/koha/opac-detail.pl?biblionumber=193456

MARC

LEADER 00000nam0a2200000 4500
001 193456
005 20231101224504.0
010 |a 9785904682187 
035 |a (RuTPU)RU\TPU\book\210988 
090 |a 193456 
100 |a 20110323d2010 k y0rusy50 ca 
101 0 |a rus 
102 |a RU 
105 |a a z 001zy 
200 1 |a Термодинамическое моделирование в геохимии: теория, алгоритмы, программное обеспечение, приложения  |f К. В. Чудненко  |g Российская академия наук (РАН), Сибирское отделение (СО), Институт геохимии им. А. П. Виноградова (ИГХ) ; гл. ред. В. Н. Шарапов 
210 |a Новосибирск  |c Гео  |d 2010 
215 |a 287 с.  |c ил. 
320 |a Библиогр.: с. 263-283. 
330 |a В монографии рассматриваются теоретическое, алгоритмическое и программное обеспечения термодинамического моделирования природных и техногенных объектов. Обоснована методика имитационного моделирования применительно к проблемам прикладных физико-химических исследований на основе решения задач минимизации канонических термодинамических потенциалов, геотермобарометрии как обратной задачи выпуклого программирования, многорезервуарных динамических моделей. Детально рассмотрена конфигурация и возможности современного программного комплекса "Селектор" как универсального инструмента решения физикохимических задач на основе расчета полных, метастабильных и промежуточных химических равновесий в системах и мегасистемах. Рассмотрен метод моделирования термодинамических процессов в пространстве неопределенности, позволяющий перейти к недетерминированным постановкам геохимических задач и оценить влияние неточности, неоднозначности и неоднородности исходной аналитической и термодинамической информации на достоверность расчетов физико-химических моделей. Для специалистов в различных областях применения компьютерных методов для решения задач химической термодинамики: геоинформатики, геохимии, петрологии, экологии, химической технологии, гидро- и пирометаллургии, аналитической химии и других, а также аспирантов указанных специальностей. 
606 1 |a Геохимия  |x Моделирование  |2 stltpush  |3 (RuTPU)RU\TPU\subj\70455  |9 84716 
610 1 |a термодинамическое моделирование 
610 1 |a природные системы 
610 1 |a физико-химические процессы 
610 1 |a физико-химическое моделирование 
610 1 |a программные комплексы 
610 1 |a Селектор 
675 |a 550.4.01  |v 3 
700 1 |a Чудненко  |b К. В.  |g Константин Вадимович 
702 1 |a Шарапов  |b В. Н.  |4 651 
712 0 2 |a Российская академия наук (РАН)  |b Сибирское отделение (СО)  |b Институт геохимии им. А. П. Виноградова (ИГХ)  |c (Иркутск)  |2 stltpush  |3 (RuTPU)RU\TPU\col\298 
801 1 |a RU  |b 63413507  |c 20110323 
801 2 |a RU  |b 63413507  |c 20110406  |g RCR 
942 |c BK